<?xml version="1.0" encoding="UTF-8"?><?xml-stylesheet type="text/xsl" href="static/style.xsl"?><OAI-PMH xmlns="http://www.openarchives.org/OAI/2.0/" xmlns:xsi="http://www.w3.org/2001/XMLSchema-instance" xsi:schemaLocation="http://www.openarchives.org/OAI/2.0/ http://www.openarchives.org/OAI/2.0/OAI-PMH.xsd"><responseDate>2026-04-13T01:02:23Z</responseDate><request verb="GetRecord" identifier="oai:www.recercat.cat:10230/22061" metadataPrefix="marc">https://recercat.cat/oai/request</request><GetRecord><record><header><identifier>oai:recercat.cat:10230/22061</identifier><datestamp>2025-12-13T20:54:37Z</datestamp><setSpec>com_2072_6</setSpec><setSpec>col_2072_452954</setSpec></header><metadata><record xmlns="http://www.loc.gov/MARC21/slim" xmlns:dcterms="http://purl.org/dc/terms/" xmlns:xsi="http://www.w3.org/2001/XMLSchema-instance" xmlns:doc="http://www.lyncode.com/xoai" xsi:schemaLocation="http://www.loc.gov/MARC21/slim http://www.loc.gov/standards/marcxml/schema/MARC21slim.xsd">
   <leader>00925njm 22002777a 4500</leader>
   <datafield ind2=" " ind1=" " tag="042">
      <subfield code="a">dc</subfield>
   </datafield>
   <datafield ind2=" " ind1=" " tag="720">
      <subfield code="a">Rodríguez Castelló, Adrià</subfield>
      <subfield code="e">author</subfield>
   </datafield>
   <datafield ind2=" " ind1=" " tag="260">
      <subfield code="c">2014-02-19T13:39:04Z</subfield>
   </datafield>
   <datafield ind2=" " ind1=" " tag="260">
      <subfield code="c">2014-02-19T13:39:04Z</subfield>
   </datafield>
   <datafield ind2=" " ind1=" " tag="260">
      <subfield code="c">2013</subfield>
   </datafield>
   <datafield ind2=" " ind1=" " tag="520">
      <subfield code="a">Treball de fi de grau d&amp;apos;Humanitats. Curs 2012-2013</subfield>
   </datafield>
   <datafield ind2=" " ind1=" " tag="520">
      <subfield code="a">Director: Antonino Firenze</subfield>
   </datafield>
   <datafield ind2=" " ind1=" " tag="520">
      <subfield code="a">Clarice Lispector començà a publicar als anys quaranta amb la novel·la Perto do coração selvagem (1944). No serà fins a la dècada de 1960, però, que desenvoluparà un recurs que, encara que menys explotat, ja era present a les ficcions escrites fins aleshores: la depuració, o reducció a la seva mínima expressió, de tot element pròpiament narratiu. Així, a l’hora que l’argument es minimitzava, la literatura de Lispector ampliava la vessant reflexiva i, diríem, filosòfica. És en aquesta segona època quan l’escriptora brasilera s’apropa més a una escriptura desjoïtzada, a una escriptura en què l’enunciació es deslliga progressivament de la subjectivitat. Es tracta d’un recurs força innovador per a l’època i per a la tradició literària en què se situa Lispector.</subfield>
   </datafield>
   <datafield tag="653" ind2=" " ind1=" ">
      <subfield code="a">Lispector, Clarice, 1920-1977 -- Crítica i interpretació</subfield>
   </datafield>
   <datafield tag="653" ind2=" " ind1=" ">
      <subfield code="a">Deleuze, Gilles, 1925-1995 -- Crítica i interpretació</subfield>
   </datafield>
   <datafield tag="653" ind2=" " ind1=" ">
      <subfield code="a">Animals en la literatura</subfield>
   </datafield>
   <datafield ind2="0" ind1="0" tag="245">
      <subfield code="a">Esdevenir-búfal, esdevenir-escarabat, esdevenir-escriptura. Per una aproximació en clau deleuziana de l’esdevenir-animal a l’obra de Clarice Lispector</subfield>
   </datafield>
</record></metadata></record></GetRecord></OAI-PMH>